Statistiques concernant Les pays asiatique qui finissent par -ie.

Cliquez ici pour prendre le quiz!

Statistiques générales

  • Ce quiz a été pris 145 fois
  • Le résultat moyen est 8 sur 9

Statistiques - réponses

Pays% Correct
Indonésie
94%
Malaisie
93%
Arménie
91%
Birmanie
90%
Jordanie
88%
Mongolie
87%
Turquie
87%
Géorgie
86%
Syrie
86%

Distribution des résultats

Percentile par nombre de réponses

% des personnes avec chaque résultat

Votre développement - résultats

Vous n’avez pas pris ce quiz